000 01547cam a2200433 a 4500
001 9390211
003 OSt
005 20210920162855.0
006 m d
007 cr n
008 101130s2011 gw ad sb 001 0 eng d
020 _z9787040315349
020 _z9783642181009
035 _a(WaSeSS)ssj0000609763
038 _akhadija
040 _aCaPaEBR
_cCaPaEBR
_dWaSeSS
050 4 _aQA402
_b.P48 2011eb
050 4 _aQC20.7.N6
082 _a519.2
_bPET
100 1 _aPetráš, Ivo.
_982537
210 1 0 _aFractional-order nonlinear systems
245 1 0 _aFractional-order nonlinear systems
_bmodeling, analysis and simulation /
_cIvo Petráš.
260 _aBerlin :
_bSpringer,
_c2011.
490 1 _aNonlinear physical science,
_x1867-8440
500 _a"With 119 figures."
504 _aIncludes bibliographical references and index.
506 _aLicense restrictions may limit access.
563 _ahardcover
650 0 _aChaotic behavior in systems
_xSimulation methods.
_982538
650 0 _aNonlinear systems
_xSimulation methods.
_982539
650 0 _aFractional calculus.
_982540
655 7 _aElectronic books.
_2local
_9621
710 2 _aebrary, Inc.
_9622
773 0 _tSpringerLink ebooks - Physics and Astronomy (2011)
830 0 _aNonlinear physical science.
_982541
856 4 0 _uhttp://www.columbia.edu/cgi-bin/cul/resolve?clio9390211
_zFull text available from SpringerLink ebooks - Physics and Astronomy (2011)
910 _aVendor-generated brief record
942 _2ddc
_cBK
999 _c33196
_d33196